Slope transport processes and hydrology. A tribute to Jan Nieuwenhuis

Podrobná bibliografia
Hlavní autori: Van Asch, Th.W.J (Author), Mulder, E.F.J. de (Author)
Médium: Článok
Jazyk:English
Témy:
Zdroj: 1. Engineering geology 1. 0013-7952 1. Roč. 91, č. 1 (apríl 2007), s. 1-3
LEADER 01089nab#a2200361#ar4500
001 000086643
003 SVKKK
005 20071107101456.0
008 050331c2007 ne e eng
FMT
015 |a SNBRB2007/11-ccccc 
038 |a SVKKK 
040 |a SVKKK  |b slo  |e AACR2 
041 0 |a eng  |b eng 
044 |a ne  |c NL 
080 |a 55-051  |2 1997 
080 |a 624.131.543(492)  |2 1997 
080 |a 929 Nieuwenhuis, Jan  |2 1997 
100 1 |a Van Asch, Th.W.J.  |4 aut 
242 1 0 |a Transportné svahové procesy a hydrológia. Na počesť Jana Nieuwenhuisa 
245 1 0 |a Slope transport processes and hydrology. A tribute to Jan Nieuwenhuis  |c Th.W.J. Van Asch, E.F.J. de Mulder 
504 |a Res. angl. 
600 1 4 |a Nieuwenhuis, Jan,  |d ?-,  |x geológ holandský 
650 0 4 |a pohyby svahové  |x transport materiálu  |x hydrológia  |z Holandsko 
700 1 |a Mulder, E.F.J. de  |4 aut 
773 0 |t Engineering geology  |x 0013-7952  |g Roč. 91, č. 1 (apríl 2007), s. 1-3 
958 |a NL 
974 |a Ni 
992 |a RBX 
BAS
852 |a SVKKK  |b BIB 
EXP
998 |a GEO